00756cam a2200217u 450000100060000000300080000600500170001400800410003103500190007204000330009104100080012408200260013211000630015824501290022126000430035030000370039365000290043065000330045970000220049270000240051419486BD-RjUL20211209000435.0140224s1959 enka 000 0 eng d a(BD-RjUL)19546 aDLCcCarPdDLCdBD-RjULbeng aeng00a548.83bINT V-2 19592 aInternational Union of Crystallography. [from old catalog]10aInternational tables for X-ray crystallography /cEd. by john s. Kasper and Kathleen LonsdalenVolume 2pMathematical Tables aBirmingham, Eng :bKynoch Press,c1959 axviii,444p. :bdiagrs. ;c29 cm. 0aCrystallographyvTables. 0aCrystallographyvDiffraction1 a Kasper , john s.1 a Lonsdale, Kathleen